000 00803nam a22002057a 4500
005 20251108174950.0
008 250721s2011 xx 000 0 ara d
082 1 4 _a306.3/حور
100 1 _aالحوراني، محمد عبد الكريم
_eمؤلف
245 1 0 _aتأويل الأسغلال في نظرية علم الأجتماع: العناصر التكميلية لنظرية سوسيولوجية في الاستغلال /
264 1 _aعمان :
_bدار مجدلاوي للنشر والتوزيع،
_c2011.
300 _a258ص.
650 1 7 _aعلم الاجتماع
650 1 7 _aعلم الاجتماع الاقتصادي
650 1 7 _aالماركسية
650 1 7 _aالمادية الجدلية
650 1 7 _aالمنفعة الحدية
942 _2ddc
_cBK
999 _c122687
_d122687